000 00780cab a2200265 4500
001 ABS60454
008 090401t1999 xxu||||| |||| 00| 0 eng d
035 _a(Sirsi) u93237
041 _aeng
245 _aRegional survey: Cambridgeshire
260 _c1999
350 _a0
490 _aProperty Week
_v64 (17) 30 April 1999, 73-86(8)
650 _aCAMBOURNE
650 _aCAMBRIDGE
650 _aCAMBRIDGESHIRE
650 _aHUNTINGDON
650 _aNEW TOWNS
650 _aPROPERTY-COMMERCIAL PROPERTY-OFFICE PROPERTY-OFFICE PROPERTY MARKET
650 _aPETERBOROUGH
650 _aPROPERTY-COMMERCIAL PROPERTY-RETAIL PROPERTY-RETAIL PROPERTY MARKET
690 _aPROPERTY-COMMERCIAL PROPERTY-COMMERCIAL PROPERTY MARKET
942 _n0
948 _c10/05/1999
999 _c59097
_d59097